000 00250nam a2200109Ia 4500
008 190216s9999||||xx |||||||||||||| ||und||
100 _aSharma R K&Amp; Gupta
245 0 _aManagement Accounting
260 _bNull
_c2001
300 _a2078p
942 _cBK
999 _c6064
_d6064